| 000 | 00460nam a22001697a 4500 | ||
|---|---|---|---|
| 003 | OSt | ||
| 005 | 20140310182217.0 | ||
| 008 | 130907t xxu||||| |||| 00| 0 eng d | ||
| 050 |
_aDS 614 _b.In41 1997 |
||
| 082 |
_aHS 959.8 _bIn1 1997 |
||
| 245 | _aIndonesia welcomes you / | ||
| 260 |
_aHongkong : _bIsmay Pub., _c1997. |
||
| 300 |
_a164 p. ; _bill. col. ; _c30 cm. |
||
| 650 |
_aIndonesia _xDescription and travel _917136 |
||
| 942 |
_2lcc _cHS |
||
| 999 |
_c10630 _d10630 |
||